| 000 | 01276nam a2200313 i 4500 | ||
|---|---|---|---|
| 001 | bg | ||
| 100 | 1 | _aHorodko, Longin. | |
| 245 | 1 | 0 |
_aZastosowanie czasowo-częstotliwościowej analizy sygnałów do badania niestatecznej pracy sprężarki promieniowej / _cLongin Horodko. |
| 260 |
_aŁódź : _bWydawnictwo Politechniki Łódzkiej, _c2006. |
||
| 300 |
_a114, [2] s. : _bil. (w tym kolor.) ; _c24 cm. |
||
| 490 | 1 |
_aZeszyty Naukowe / Politechnika Łódzka. Rozprawy Naukowe, _x0137-4834 ; _vz. 353 |
|
| 500 | _aNumer serii gł.: 990. - Na s. red. odmienny tytuł serii : Zeszyty Naukowe Politechniki Łódzkiej. | ||
| 504 | _aBibliogr. s. 109-114. | ||
| 546 | _aStreszcz. ang. | ||
| 650 | 9 |
_aSprężarki przepływowe _xbadanie |
|
| 650 | 9 |
_aAnaliza falkowa _xstosowanie _xtechnika |
|
| 650 | 9 |
_aTeoria sygnałów _xstosowanie _xtechnika |
|
| 830 | 0 |
_aZeszyty Naukowe - Politechnika Łódzka. _pRozprawy Naukowe, _x0137-4834 ; _vz. 353 |
|
| 830 | 0 |
_aZeszyty Naukowe (Politechnika Łódzka) ; _vnr 990 |
|
| 830 | 0 | _aZeszyty Naukowe Politechniki Łódzkiej | |
| 022 | _a01374834 | ||
| 040 | _cBPK | ||
| 041 | 0 |
_apol _beng |
|
| 044 | _aPOL | ||
| 080 | _a621.51/.54:532:517.4:621.391 | ||
| 942 | _cKS | ||
| 008 | s pl f |000 0 pol | ||
| 999 |
_c54187 _d54187 |
||
| 856 |
_uhttp://koha.tu.koszalin.pl/cgi-bin/koha/opac-detail.pl?biblionumber=54187 _yKatalog online BPK |
||